| 000 | 00809nam a22002415a 4500 | ||
|---|---|---|---|
| 003 | OSt | ||
| 005 | 20170227123001.0 | ||
| 008 | 160828s2010 ua frb 000 0 ara d | ||
| 015 | _a2010 / 11534 | ||
| 020 | _a9789770464514 | ||
| 040 |
_aEG-ScBUE _bara _cEG-ScBUE |
||
| 043 | _af-ua--- | ||
| 082 | 0 | 4 |
_a343.6209944 _bم ؤ م _222 |
| 100 | 1 | _aمؤمن، طاهر شوقي. | |
| 245 | 1 | 2 |
_aالنظام القانوني لإسم النطاق / _cطاهر شوقي مؤمن. |
| 260 |
_aالقاهرة : _bدار النهضة العربية، _c2010. |
||
| 300 |
_a79 ص. ؛ _c24 سم. |
||
| 504 | _aيشتمل على إرجاعات ببليوجرافية. | ||
| 650 |
_2BUEsh _aالإنترنت _xقوانين وتشريعات _zمصر. |
||
| 651 | _2BUEsh | ||
| 653 |
_bLLAAWW _cFebruary2017 |
||
| 942 | _2ddc | ||
| 999 |
_c24259 _d24231 |
||